| 000 | 00761cam a2200265 a 4500 | ||
|---|---|---|---|
| 005 | 20150909020002.0 | ||
| 008 | 960625|1996 ck a r 00010 ck spa d | ||
| 015 | _ack-1996-xxxx | ||
| 020 | _a9589129374 | ||
| 041 | 0 | _aspa | |
| 044 | _ack | ||
| 082 | 0 | 4 |
_a631.46 _bG93m |
| 100 |
_aGuerrero-Forero, Eduardo _93585 |
||
| 245 | 0 | 0 |
_aMicorrizas: _brecurso biológico del suelo _cEduardo, Guerrero Forero |
| 260 |
_aBogotá _bFondo Fen de Colombia _c1996 |
||
| 300 |
_a208 p. _bIl. _c24 cm. |
||
| 504 | _aIncluye referencias bibliográficas (pag 201-206) | ||
| 650 | 6 |
_aMicroorganismos de suelos _925844 |
|
| 650 | 6 |
_aMicorrizas _x Investigaciones _926019 |
|
| 942 |
_2ddc _cLIBRO _01 |
||
| 949 | _a | ||
| 999 |
_c8625 _d8625 |
||